KOHA-Header-6

Mohsin -e-Pakistan Ki De Briefing (Record no. 2823)

000 -LEADER
fixed length control field 00274nam a2200109Ia 4500
008 - FIXED-LENGTH DATA ELEMENTS--GENERAL INFORMATION
fixed length control field 190902s9999||||xx |||||||||||||| ||und||
100 ## - MAIN ENTRY--PERSONAL NAME
Personal name Zahid Malik
245 #0 - TITLE STATEMENT
Title Mohsin -e-Pakistan Ki De Briefing
260 ## - PUBLICATION, DISTRIBUTION, ETC. (IMPRINT)
Place of publication, distribution, etc Islamabad
Name of publisher, distributor, etc Matboaat-e-Hurmat
Date of publication, distribution, etc 2004
300 ## - PHYSICAL DESCRIPTION
Extent 290
942 ## - ADDED ENTRY ELEMENTS (KOHA)
Koha item type Books
Holdings
Withdrawn status Lost status Source of classification or shelving scheme Damaged status Not for loan Collection code Permanent Location Current Location Shelving location Date acquired Full call number Barcode Date last seen Price effective from Koha item type
          Urdu Literature MAJU MAJU   2019-09-02 U264 6484 2019-09-02 2019-09-02 Urdu Literature

Powered by Koha